Most Successful Football Teams: 1990s - Statistics

General Stats
  • This quiz has been taken 88 times
  • The average score is 16 of 23
Answer Stats
Hint Answer % Correct
Premier League (England) (5) Manchester United
100%
Serie A (Italy) (5) AC Milan
95%
Eredivisie (Netherlands) (5) Ajax
95%
La Liga (Spain) (6) Barcelona
95%
Bundesliga (Germany) (4) Bayern Munich
95%
FA Cup (England) (4) Manchester United
95%
Primeira Liga (Portugal) (8) Porto
95%
Copa del Rey (Spain) (3) Atletico Madrid / Barcelona
94%
Coppa Italia (Italy) (2) Parma / Juventus
91%
Ligue 1 (France) (3) Marseille
90%
Scottish Premiership (Scotland) (9) Rangers
88%
Champions League (Europe) (2) AC Milan
84%
Super Lig (Turkey) (5) Galatasaray
84%
Coupe de France (France) (3) Paris Saint-Germain
81%
Ukrainian Premier League (Ukraine) (7) Dynamo Kyiv
76%
Russian Premier League (Russia) (7) Spartak Moscow
51%
Campeonato Brasileiro Série A (Brazil) (3) Corinthians
43%
DFB-Pokal (Germany) (3) Werder Bremen
41%
Europa League (Europe) (3) Inter Milan
39%
League Cup (England) (2) Aston Villa
36%
MLS Cup (USA/Canada) (3) D.C. United
26%
Copa Libertadores (South America) (2) Sao Paulo
24%
Intercontinental Cup (Europe & South America) (2) Sao Paulo
21%
No matching quizzes found
Score Distribution
Percent of People with Each Score
Percentile by Number Answered
Your Score History
You have not taken this quiz